chiara oliver - Estadísticas

Estadísticas generales
  • Esta prueba ha sido intentada 99 veces
  • La puntuación promedio es 8 de 9
Estadísticas de respuestas
Hint Respuesta % Correcto
la libreta rosa ft. violeta el parque
100%
primer single mala costumbre
98%
ft. the tyets fa dies
93%
la libreta rosa la invitada
91%
la libreta rosa 3 de febrero
90%
la libreta rosa cada vez
90%
la libreta rosa ronda de más
89%
la libreta rosa todas las versiones de mí
89%
la libreta rosa intro
75%
No se encontraron pruebas coincidentes
Distribución de puntuación
Porcentaje de gente con cada puntuación
Porcentaje por número respondido
Historial de tus puntuaciones
No has intentado esta prueba.